Największe miejscowości gminy Lubsko - Statystyki

Ogólne statystyki
  • Ten quiz został rozwiązany 25 razy
  • Średni wynik to 5 z 12
Statystyki odpowiedzi
Hint Odpowiedź % Poprawnych
13 876 Lubsko
100%
966 Górzyn
63%
259 Lutol
56%
310 Mierków
56%
177 Stara Woda
50%
358 Chocicz
38%
294 Dlużek
38%
345 Białków
31%
518 Tuchola Żarska
31%
163 Dąbrowa
25%
218 Raszyn
19%
237 Grabków
0%
Nie znaleziono quizów pasujących do podanych kryteriów
Rozkład punktacji
Procent ludzi z każdym wynikiem
Percentyl według liczby udzielonych odpowiedzi
Twoja historia wyników
Nie rozwiązałeś tego quizu